000 00697cam a2200253 4500
008 090401t1998 xxu||||| |||| 00| 0 eng d
020 _a1902375017
035 _a(Sirsi) u87378
041 _aeng
050 _a690.3
100 _aLow, Sui Pheng
245 _aISO 9000 and the construction industry: practical lessons.
260 _aOxford
_bChandos Publishing (Oxford) Limited
_c1998
300 _avii,162p. ; 28cm.
350 _a59.85
650 _aCONSTRUCTION INDUSTRY
650 _aISO 9000
650 _aQUALITY MANAGEMENT SYSTEMS
650 _aQUALITY MANAGEMENT
650 _aTOTAL QUALITY MANAGEMENT
690 _aBUILT ENVIRONMENT
942 _n0
948 _c13/07/1998
999 _c97233
_d97233